Introdução à Economia: 10º ano

Guardado en:
Detalles Bibliográficos
Autor principal: Cabrito, Belmiro Gil
Otros Autores: Oliveira, Maria da Luz Pais, Maria João
Formato: Desconocido
Lenguaje:portugués
Publicado: Lisboa Texto 1997
Edición:1ª ed.
Catálogo:MANES:  Resultados de Búsqueda del Catálogo
Clasificación de libros de texto:
Etiquetas: Agregar Etiqueta
Sin Etiquetas, Sea el primero en etiquetar este registro!
Añadido a:2016-04-26
Cambiado en:2025-04-25

MARC

LEADER 000000000a22000000004500
001 26624
003 OSt
005 20250425111414.0
008 160427s pt ||||| |||| 00| 0 por d
040 |c centro_manes 
041 1 |a por 
100 1 |a Cabrito, Belmiro Gil  |9 14959 
245 0 0 |a Introdução à Economia: 10º ano 
250 |a 1ª ed. 
260 3 |a Lisboa  |b Texto  |c 1997 
300 |a 2 v.;  |c 27 cm 
500 |a [1º v.]  |a Dossier 
561 |5 pt-BNP  |a Portugal. Biblioteca Nacional de Portugal  |k MANES 
690 |a CS 
691 |a SE 
700 1 |a Oliveira, Maria da Luz  |9 14992  |a Pais, Maria João  |9 14993 
942 |2 ddc  |c BK 
546 |a Portugal 
999 |c 28086  |d 28086 
999 |c manes:28086  |d 28086